00425 2200157 4500001002100000005001500021035002000036245006800056100002000124300003000144260003800174082000800212084001400220020001800234990001500252INLIS00000000000314120251118013721 a0010-11250000021 aMenebus Dosa :bMakna dan Tata Cara Bertobat /cImam Al Ghazali0 aImam Al Ghazali a243 hlm ;c14,5 x 21,5 cm aBandung :bPustaka Hidayah,c2011 a200 a200 IMA m a979-9109-57-4 a19592/H/26